ALW's Phantom of the Opera - Music of the Night - Missing Lyrics - Statistics

General Stats
  • This quiz has been taken 332 times
  • The average score is 30 of 40
Answer Stats
Phantom Missing Lyric % Correct
Heightens each __________ Sensation
97%
Silently the ______ Senses
91%
And you'll live as you've never lived ______ Before
85%
From the garish light of ___ Day
85%
Night-time ________ Sharpens
85%
And ______ to the music of the night Listen
84%
____ your face away Turn
84%
And ______ imagination Wakes
81%
Open up your ____ Mind
79%
Night unfurls it's _______ Splendour
79%
Tremulous and t______ Tender
79%
Purge your ________ of the life you knew before Thoughts
79%
Let your fantasies ______ Unwind
79%
Only then can you ______ to me Belong
77%
Turn your thoughts away from ____ unfeeling light Cold
77%
Close your eyes let your spirit start to ____ Soar
77%
Abandon their ________ Defences
76%
Close your eyes and ________ to your darkest dreams Surrender
76%
Slowly, ______ Gently
75%
Leave all thoughts of the ____ you knew before Life
75%
Darkness _____ Stirs
75%
Help me make the music of the _____ Night
74%
The _____ of the music of the night Power
74%
In this darkness that you know you cannot _____ Fight
71%
The _______ of the music of the night Darkness
70%
To the power of the music that I _____ Write
70%
Let your ______ side give in Darker
69%
Sweet ___________ Intoxication
69%
Music shall ______ you Caress
68%
You alone can make my ____ take flight Song
68%
Let your ____ take you where you long to be Soul
68%
Let your mind start to _______ through a strange new world Journey
67%
_____ it, sense it Grasp
66%
Secretly _______ you Possess
64%
_____ each sensation Savor
63%
Softly, _____ Deftly
62%
Floating, _______ Falling
62%
____ it, feel it Hear
62%
Let the _____ begin Dream
60%
Touch me, _____ me Trust
59%
No matching quizzes found
Score Distribution
Percent of People with Each Score
Percentile by Number Answered
Your Score History
You have not taken this quiz